The British Universities

Uloženo v:
Podrobná bibliografie
Hlavní autor: Robertson, Charles Grant (Autor)
Médium: Kniha
Jazyk:angličtina
Vydáno: Londres Methuen 1944
Témata:
Tagy: Přidat tag
Žádné tagy, Buďte první, kdo vytvoří štítek k tomuto záznamu!

MARC

LEADER 00000nam a2200000 a 4500
001 UCX7879
003 CL-VaPUC
008 940111e19440000UK |||||||||||||||||eng|d
082 0 4 |a 378  |b ROB  |2 21 
100 0 |a Robertson, Charles Grant  |e author  |9 324823 
245 1 4 |a The British Universities 
300 |a 90 p 
942 |c BK 
945 |d 19940111 00:00:00  |a rbrito 
260 |a Londres  |b Methuen  |c 1944 
650 7 |a UNIVERSIDADES HISTORIA  |2 CL-VaPUC  |9 255114 
651 0 |a Inglaterra  |9 255158 
583 |a last modification  |c 19940111 00:00:00  |k Rodrigo Vera 
999 |c 227559  |d 227557 
952 |0 0  |1 0  |4 0  |6 378_000000000000000_ROB_1944  |7 0  |8 X  |9 226670  |a BIBHIS  |b BIBHIS  |d 2019-11-15  |i 2959135  |o 378 ROB 1944  |p 2959135  |r 2024-01-30  |w 2019-11-15  |y BK_X  |k HIS